| 000 | 00481nam a2200193Ia 4500 | ||
|---|---|---|---|
| 005 | 20250423095817.0 | ||
| 008 | 250422s9999 xx 000 0 und d | ||
| 020 | _a9780393977455 | ||
| 050 | _aHD 75 .J66/ | ||
| 100 | _aJones, Charles I. | ||
| 245 | 0 | _aIntroduction to economic growth | |
| 250 | _a2nd ed. | ||
| 260 | _aNew York | ||
| 260 | _bW.W. norton Comp | ||
| 260 | _c2002 | ||
| 300 | _a237 p | ||
| 650 | _aEconomic development. Economic indicators. | ||
| 942 | _cBK | ||
| 999 |
_c31398 _d31398 |
||